[Event "Grande Prairie Trumpeter op"]
[Site "Grande Prairie"]
[Date "2008.01.27"]
[Round "5"]
[White "Braitanbach, Rick"]
[Black "Stone, Garry"]
[Result "1-0"]
[WhiteElo "1126"]
[BlackElo "1427"]
[PlyCount "69"]
[EventDate "2008.01.26"]
[EventType "swiss"]
[EventRounds "5"]
[EventCountry "CAN"]
[SourceTitle "EXT 2011"]
[Source "ChessBase"]
[SourceDate "2010.11.26"]
[SourceVersion "1"]
[SourceVersionDate "2010.11.26"]
[SourceQuality "1"]

1. e4 e5 2. Nf3 Nc6 3. Bc4 h6 4. Nc3 Nf6 5. d4 exd4 6. Nxd4 Bc5 7. Be3 0-0 8. Nxc6 Bxe3 9. Nxd8 Bb6 10. Nxf7 Kh7 11. Qd3 g6 12. Ne5 d6 13. Nf3 Ng4 14. Rf1 a5 15. h3 Nf6 16. 0-0-0 a4 17. a3 Nd7 18. Nd5 Ba5 19. Ne7 Nc5 20. Qe2 Bd7 21. Nh4 b5 22. Bd3 b4 23. Nhxg6 Rfb8 24. e5 bxa3 25. Nf8+ Kg7 26. bxa3 Bc3 27. Nxd7 Rb2 28. Qg4+ Kf7 29. Qc4+ Kxe7 30. Qxc3 Ra2 31. Nxc5 Rb8 32. exd6+ cxd6 33. Rfe1+ Kd8 34. Qf6+ Kc7 35. Na6+ 1-0